000 00482nam a2200169 i 4500
001 bg
100 1 _aPYŚ, Krzysztof
245 0 _aPomiary w maszynach elektrycznych :
_blaboratorium /
_cKrzysztof Pyś.
260 _aRzeszów :
_bPolitechnika Rzeszowska,
_c1992.
300 _a109 s. :
_brys. wykr. ;
_c24 cm.
504 _aBibliogr. s. 107-109.
040 _cBPK
041 _apol
080 _a621.313:621.317](075.8)
942 _cKS
008 s pl f |000 0 pol
999 _c6418
_d6418
856 _uhttp://koha.tu.koszalin.pl/cgi-bin/koha/opac-detail.pl?biblionumber=6418
_yKatalog online BPK